000 00347nam a2200121Ia 4500
008 240731s9999 xx 000 0 und d
022 _a1753-5379
245 0 _aCommunicatio : South African Journal for Communication Theory and Research
260 _bRoutledge
856 _uhttps://www.tandfonline.com/loi/rcsa20
942 _2ddc
942 _cTFEJ
999 _c75970
_d75970
945 _a1
_bMadushi Gamage
_c1
_dMadushi Gamage